01056 a2200169 4500003000500000005001700005010001600022020001500038040000900053082001700062100002200079245007900101260003800180300003400218505060000252650003400852Nust20221123142709.0 a 80018067 a0060412666 cNust00a621.3813,CHI1 aChirlian, Paul M.10aAnalysis and design of integrated electronic circuits /cPaul M. Chirlian. aNew York :bHarper & Row,cc1981. axvi, 570 p. :bill. ;c25 cm. aSummery of Electrical Devices (Page-1), Graphical Analysis of Electronic Circuits (Page-47), Linear Equivalent Circuits of Electronic Devices (Page-84), Piecewise Linear Equivalent Circuits (Page-151), Amplifier Fundamental (Page-180), Class A Small Signal Amplifier (Page-198), Unturned Large Signal Amplifiers (Page-320), Tuned Large signal Amplifiers (Page-362), Introduction to Signal Flow Graphs (Page-388), Feedback Amplifier (Page-401), Sinusoidal Oscillators (Page-448), Pulse, Switching And Digital Circuits (Page-468), Modulation and Demodulation (Page-494), Power Supplier (Page-525). 0aTelecommunication Engineering